000
00216 a2200097 4500
001
12227
100
_a
Hameed, A.
245
_a
Veran Gali Main Larki
260
_a
_b
Sang-e-Meel Publications
_c
090
_c
9448
_d
9448
942
_a
NUST-CAE
_c
M
_c
36320
999
_c
247300
_d
247300